Welded Steel Chains. RF2 attachments.

Uložené v:
Podrobná bibliografia
Médium: Kniha
Jazyk:Slovak
English
Vydané: [2017].
Vydanie:1. vydanie
Témy:
On-line prístup:http://www.powerbelt.sk
http://www.johnkingchains.com
Fyzický popis: 1 list.
Tagy: Pridať tag
Žiadne tagy, Buďte prvý kto otaguje tento záznam!

MARC

LEADER 00000nam^a22000003a^4500
001 000561237
003 SVKKK
005 20171003090402.0
008 170914s2017 xo |||| 0 slo^d
040 |a SVKKK  |b slo  |c SVKKK  |e AACR2 
041 0 |a eng 
044 |a xo  |c SK 
080 |a 621.85.055  |2 2001 
245 0 0 |a Welded Steel Chains. RF2 attachments. 
250 |a 1. vydanie 
260 |c [2017]. 
300 |a 1 list. 
655 7 |a firemné prospekty  |2 SNKPH 
710 2 |a POWER BELT pohonné mechanizmy s. r. o.  |c Slovnaftská 102/B, 821 07 Bratislava  |4 dst 
856 4 1 |u http://www.powerbelt.sk 
856 4 1 |u http://www.johnkingchains.com 
910 |a svkkk 
998 |a FL 
090 |g SCKHL  |k SK42  |a 621.85.055  |j 235335  |i 2720486483  |4 zastaraná  |s Vyradená